| 000 | 00494ntaaa2200193 4500 | ||
|---|---|---|---|
| 003 | 01 | ||
| 005 | 20251027201337.0 | ||
| 008 | 0714s1973 ag 01 | ||
| 040 |
_aAR-BaBN _bspa _cAR-BaBN _eaacr _dRIC |
||
| 082 | _a223.2000 G28 | ||
| 100 |
_aGelineau, Joseph _911781 |
||
| 245 | _aThe Psalms | ||
| 250 | _a1 ed. | ||
| 260 |
_aLondon : _bCollins, _cc1963 |
||
| 300 | _a252 p. | ||
| 500 | _aLa versión de los Salmos para ser cantados. | ||
| 650 | _aBiblia-Antiguo Testamento-Salmos | ||
| 942 | _cBK | ||
| 999 |
_c7934 _d7934 |
||